SEZO - Spiš sa uchádza o dotácie na Recyklačnom fonde

Bibliographic Details
Main Author: Sviteková, Angela (Author)
Format: Article
Language:Slovak
PhysicalDescription:Fotogr.
Subjects:

MARC

LEADER 00000nab a2200000 a 4500
001 vtls008184793
003 SK-MaSNL
005 20260303080327.0
008 050718c2004 xo mr|p|||||||000 b|slo
015 |a SNSK2005 
038 |a SNSK 
040 |a SNSK  |b slo  |c SNSK  |e AACR2 
041 0 |a slo 
044 |a xo  |c SK 
080 |a 628.4.032  |2 UDC-MRF-SK2 
100 1 |a Sviteková, Angela  |4 aut  |9 841455 
245 1 0 |a SEZO - Spiš sa uchádza o dotácie na Recyklačnom fonde  |c Angela Sviteková 
300 |b Fotogr. 
610 2 7 |a SEZO - Spiš (Slovensko)  |2 snsk  |9 1082051 
610 2 7 |a NOVA (Spišská Nová Ves, Slovensko)  |2 snsk  |9 1082052 
650 0 7 |a separovaný zber odpadu  |2 snsk  |9 29387 
651 7 |a Spišská Nová Ves (Slovensko)  |2 snsk  |9 28800 
773 0 |t Spišské hlasy  |g Roč. V., č. 5 (2004), s. 9 
852 |a SNSK  |b KIS3GCP 
999 |c 1779986  |d 1781916